000 005420000a22002050004500
003 LK-CoMWRAF
005 20240113163423.0
008 230817t1995 ||||| |||| 00| 0 eng d
020 _a9559052373
040 _aLK-CoMWRAF
_dLK-CoMWRAF
_eLK-CoMWRAF
041 _aeng
082 _a305.42
_bRAN
100 _aRanaweera, Eva
245 _aRhymes of our times
260 _aColombo:
_bCentre for Women's Research
_c1995
300 _a17 p.
650 _aGender inequalities-poetry
650 _aGender role-Children education
942 _cBK
999 _c2479
_d2479